书目信息 |
| 题名: |
漏刻
|
|
| 作者: | 杨剑敏 著 | |
| 分册: | ||
| 出版信息: | 南昌 江西人民出版社 2019.04 |
|
| 页数: | 225页 | |
| 开本: | 21cm | |
| 丛书名: | ||
| 单 册: | ||
| 中图分类: | I247.7 | |
| 科图分类: | ||
| 主题词: | 短篇小说--duan pian xiao shuo--小说集--中国--当代 | |
| 电子资源: | ||
| ISBN: | 978-7-210-11252-5 | |
| 000 | 01007nam0 2200253 450 | |
| 001 | 202019137260 | |
| 005 | 20191026133320.0 | |
| 010 | @a978-7-210-11252-5@dCNY40.00 | |
| 100 | @a20191022d2019 em y0chiy50 ea | |
| 101 | 0 | @achi |
| 102 | @aCN@b360000 | |
| 105 | @ay z 000ay | |
| 106 | @ar | |
| 200 | 1 | @a漏刻@Alou ke@e新历史小说集@f杨剑敏著 |
| 210 | @a南昌@c江西人民出版社@d2019.04 | |
| 215 | @a225页@d21cm | |
| 314 | @a杨剑敏, 文学创作一级。中国文艺评论家协会理事、中国作家协会会员。 | |
| 330 | @a本书为作者创作的“古典精神”系列小说汇编而成的一部新历史小说集, 共计十四篇短篇小说。这批作品所写的时代跨度达二千五百余年, 所表现的时代精神从春秋战国时代绵延至上世纪中叶, 形成一部较为完备地表现中国历史上各个时代较重要的历史和文化片断的小说系列。 | |
| 517 | 1 | @a新历史小说集@Axin li shi xiao shuo ji |
| 606 | 0 | @a短篇小说@Aduan pian xiao shuo@x小说集@y中国@z当代 |
| 690 | @aI247.7@v5 | |
| 701 | 0 | @a杨剑敏@Ayang jian min@4著 |
| 801 | 0 | @aCN@c20190905 |
| 905 | @a河南城建学院图书馆@dI247.7@eY204 | |
| 漏刻:新历史小说集/杨剑敏著.-南昌:江西人民出版社,2019.04 |
| 225页;21cm |
| ISBN 978-7-210-11252-5:CNY40.00 |
| 本书为作者创作的“古典精神”系列小说汇编而成的一部新历史小说集, 共计十四篇短篇小说。这批作品所写的时代跨度达二千五百余年, 所表现的时代精神从春秋战国时代绵延至上世纪中叶, 形成一部较为完备地表现中国历史上各个时代较重要的历史和文化片断的小说系列。 |
| ● |
| 相关链接 |
|
|
|
正题名:漏刻
索取号:I247.7/Y204
 
预约/预借
| 序号 | 登录号 | 条形码 | 馆藏地/架位号 | 状态 | 备注 |
| 1 | 1445708 | 214457087 | 文学库108/108文学库 62排1列1层/ [索取号:I247.7/Y204] | 在馆 | |
| 2 | 1445709 | 214457096 | 文学库108/108文学库 62排1列1层/ [索取号:I247.7/Y204] | 在馆 |